| 000 | 01513cam a2200325 a 4500 | ||
|---|---|---|---|
| 001 | 11849420 | ||
| 005 | 20161119154554.0 | ||
| 008 | 991123s2000 maua b 001 0deng | ||
| 010 | _a 99059638 | ||
| 020 | _a0395788897 | ||
| 040 |
_aDLC _cDLC _dDLC |
||
| 043 | _an-us--- | ||
| 050 | 0 | 0 |
_aE176.1 _b.R295 2000 |
| 082 | 0 | 0 |
_aDRef 973 _22000 _bR23 |
| 245 | 0 | 4 |
_aThe reader's companion to the American presidency/ _cedited by Alan Brinkley and Davis Dyer. |
| 260 |
_aBoston: _bHoughton Mifflin, _cc2000. |
||
| 300 |
_aviii, 566 psged: _billustrations; _c27 cm. |
||
| 504 | _aIncludes bibliographical references and index. | ||
| 650 | 0 |
_aPresidents _zUnited States _xHistory _vMiscellanea. |
|
| 651 | 0 |
_aUnited States _xPolitics and government _vMiscellanea. |
|
| 700 |
_aBrinkley, Alan. _917679 _eEditor |
||
| 700 |
_aDyer, Davis. _917680 _eEditor |
||
| 856 | 4 | 1 |
_3Sample text _uhttp://www.loc.gov/catdir/samples/hm051/99059638.html |
| 856 | 4 | 2 |
_3Publisher description _uhttp://www.loc.gov/catdir/description/hm022/99059638.html |
| 856 | 4 | 1 |
_3Table of contents _uhttp://www.loc.gov/catdir/toc/hm021/99059638.html |
| 856 | 4 | 2 |
_3Contributor biographical information _uhttp://www.loc.gov/catdir/enhancements/fy0736/99059638-b.html |
| 906 |
_a7 _bcbc _corignew _d1 _eocip _f19 _gy-gencatlg |
||
| 942 |
_2ddc _cDREF |
||
| 999 |
_c5805 _d5805 |
||